| 000 | 01533cam a22003614i 4500 | ||
|---|---|---|---|
| 003 | PE-LiUPU | ||
| 005 | 20250731183353.0 | ||
| 008 | 160914s r 000 0 spa d | ||
| 035 | _a(Sirsi) a163456 | ||
| 040 |
_aPE-LiUPU _bspa _cPE-LiUPU _erda |
||
| 041 | 1 |
_ager _aspa |
|
| 049 | _aPRUA | ||
| 082 | 0 | 4 |
_a720.9436 _bC7 |
| 245 |
_aConstruyo : _barquitectos austriacos en América Latina = Österricher als architekten in lateinnamerika / _c[Centro de estudios para el desarrollo urbano contemporáneo DUC, Valparaíso, Chile]. |
||
| 264 |
_aWien : _b Architekturzentrum, _c 2006. |
||
| 300 |
_a63 páginas : _bIlustraciones ; _c30 centímetros. |
||
| 336 |
_atext _2rdacontent |
||
| 337 |
_aunmediated _2rdamedia |
||
| 338 |
_avolume _2rdacarrier |
||
| 504 | _aBibliografía : página 62. | ||
| 505 | 0 | _aPresentación -- Introducción -- Un mito de origen -- Modelos de alteridad -- Modernidades compratidas -- Lugares locales en espacios globales. | |
| 526 | _aP158 | ||
| 526 | _aP146 | ||
| 526 | _aP17 | ||
| 526 | _aP12 | ||
| 526 | _aP06 | ||
| 910 |
_ajck _bncf _cncf _d20160914 |
||
| 942 |
_2ddc _cBOOK |
||
| 949 |
_a720.9436 C7 _wDEWEY _i70789 _lCATALOGIN _mBUL _p35.00 _r0 _sY _tBOOK _u2016-09-14 _xINGINIERIA _z _0ARQUITECTURA _o.STAFF. Colección FIA |
||
| 596 | _a1 | ||
| 999 |
_a720.9436 C7 _wDEWEY _c12330 _i70789 _f2021-11-9 _g7 _lCCODEBUL1 _mBUL _p35.00 _r0 _sY _tBOOK _u2016-9-14 _xINGENIERIA _PP06 _0COMPRA _o.STAFF. Colección FIA _d12330 |
||
| 980 |
_81 _gALBERTO SANCHEZ Responsable de Automatización |
||